000 00382nam a22001217a 4500
003 SGT
082 _a891.4309
_bI90H
100 _aहामिद, सैयदा सैयदैन
245 _aइमाम उल हिन्द न
260 _bभारतीय संस्कृतिक सम्बन्ध प्रकाश
_c1990
300 _a332
942 _2ddc
_cBK
999 _c31291
_d31291